000 02676nam a2200289Ia 4500
999 _c50817
_d50817
001 17770
003 GE_BSU
005 20200221172437.0
008 181216s2015ge xx |||||||||||||| ||geo||
020 _a9789941462122
040 _cGE_BSU
041 _ageo
080 _a378.4(479.223)(09) ბ-17
245 _aბათუმის შოთა რუსთაველის სახელმწიფო უნივერსიტეტი : საგანმანათლებლო კერა 80 წლის ისტორიით :1935: Batumi Shota Rustaveli State University An Education Center with 80 Years of History /
_cშემდგ . და მთავარი რედ. მარინე გიორგაძე ; სარედაქციო კოლეგიის თავმჯ:მერაბ ხალვაში ; სარედ.კოლეგ : თამარ სირაძე ; მერაბ მეგრელიშვილი ; ნანა ხახუტაიშვილი ; ინგა შამილიშვილი ; ფოტო და დიზაინი: გივი ნახუცრიშვილისა .
264 _aბათუმი :
_bშოთა რუსთაველის უნიტის გამ-ბა,
_c2015.
300 _a197გვ .:
_bილ;
_c29 სმ.
653 _aბათუმის უნ-ტი 80 წლის
653 _aეძღვნება 1935 წლიდან დღემდე უნივერსიტეტის კედლებში მოღვაწე პროფესორ-მასწავლებლებს.ყველა უნივერსიტეტელს
700 _aგიორგაძე, მარინე
_eმთავარი რედაქტორი
_97350
700 _a ხალვაში, მერაბ
_eსარედაქციო კოლეგიის თავმჯდომარე
_97351
700 _a სირაძე, თამარ
_eსარედაქციო კოლეგეგია
_97352
700 _aმეგრელიშვილი, მერაბ
_eსარედაქციო კოლეგეგია
_91818
700 _a ხახუტაიშვილი, ნანა
_eსარედაქციო კოლეგეგია
_97353
700 _aშამილიშვილი, ინგა
_eსარედაქციო კოლეგეგია
_97354
700 _aნახუცრიშვილი, გივი
_eფოტო და დიზაინი
_96041
942 _cBK
_2udc